German Masters Snooker Winners - Statistics

General Stats
  • This quiz has been taken 6 times
  • The average score is 13 of 20
Answer Stats
Year Country Winner % Correct
2026 England Judd Trump
100%
2024 England Judd Trump
100%
2021 England Judd Trump
100%
2020 England Judd Trump
100%
2025 England Kyren Wilson
80%
2019 England Kyren Wilson
80%
2015 England Mark Selby
80%
2018 Wales Mark Williams
80%
2011 Wales Mark Williams
80%
2014 China Ding Junhui
60%
1997 Scotland John Higgins
60%
1995 Scotland John Higgins
60%
2012 England Ronnie O'Sullivan
60%
1996 England Ronnie O'Sullivan
60%
2022 China Zhao Xintong
60%
2023 England Ali Carter
40%
2013 England Ali Carter
40%
1998 England John Parrott
40%
2017 England Anthony Hamilton
20%
2016 England Martin Gould
20%
No matching quizzes found
Score Distribution
Percent of People with Each Score
Percentile by Number Answered
Your Score History
You have not taken this quiz